000 00628nam a2200217Ia 4500
001 8062
003 GE_BSU
008 181216s||||||||xx |||||||||||||| ||und||
040 _cGE_BSU
245 _aУспехи геронтологии №2 2013
245 _bAdvances in gerontologн
245 _cгл. ред. В.Н. Анисимов и др.
260 _aСанкт-Петербург
260 _bЭскулап.
260 _c2013
300 _a394ст;29см.
653 _aПериодика
653 _aУспехи геронтологии №2 2013
653 _aპერიოდიკა
942 _cCR
999 _c41400
_d41400